Coromandel / (Record no. 100589)

MARC details
000 -LEADER
campo de control de longitud fija 00576nam a2200205 i 4500
001 - NÚMERO DE CONTROL
campo de control 100589
003 - IDENTIFICADOR DE NÚMERO DE CONTROL
campo de control ES-MaACL
005 - FECHA Y HORA DE LA ÚLTIMA TRANSACCIÓN
campo de control 20230906182713.0
007 - CAMPO FIJO DE DESCRIPCIÓN FÍSICA--INFORMACIÓN GENERAL
campo de control de longitud fija t|
008 - DATOS DE LONGITUD FIJA--INFORMACIÓN GENERAL
campo de control de longitud fija 050929s1957 sp ||||1| spa d
100 1# - ENTRADA PRINCIPAL--NOMBRE DE PERSONA
Nombre de persona Masters, John.
9 (RLIN) 78869
245 10 - MENCIÓN DEL TÍTULO
Título Coromandel /
Mención de responsabilidad, etc. John Masters; [versión española de Felix Monteagudo].
260 ## - PUBLICACIÓN, DISTRIBUCIÓN, ETC.
Lugar de publicación, distribución, etc. Barcelona :
Nombre del editor, distribuidor, etc. Luis de Caralt,
Fecha de publicación, distribución, etc. 1957.
300 ## - DESCRIPCIÓN FÍSICA
Extensión 342 p. ;
Dimensiones 20 cm.
490 1# - MENCIÓN DE SERIE
Mención de serie Gigante
700 0# - ENTRADA AGREGADA--NOMBRE PERSONAL
Nombre de persona Monteagudo, Félix.
9 (RLIN) 82423
830 0# - PUNTO DE ACCESO ADICIONAL DE SERIE-TÍTULO UNIFORME
Título uniforme Gigante
9 (RLIN) 181050
852 ## - LOCALIZACIÓN
Ubicación ES-MaACL
Número de control de estantería C-14489
Sublocalización o colección R.41152
Holdings
Estatus retirado Estado de pérdida Estado de daño No para préstamo Biblioteca de origen Biblioteca actual Ubicación en estantería Fecha de adquisición Fuente de adquisición Total de préstamos Signatura topográfica completa Código de barras Visto por última vez Precio de reemplazo Tipo de ítem Koha
        Biblioteca del Ateneo de Madrid Biblioteca del Ateneo de Madrid Ficheros 17/01/2008     C-14489 1105021 23/02/2023 23/02/2023 Libro impreso